000
00284nam a22001097a 4500
008
230627b xxu||||| |||| 00| 0 eng d
082
_2
3
_a
338.8
_b
MIS 1963
245
_a
Human Action
_b
A Treatise on Economics
260
_b
Yale University
_c
1963
300
_a
XVII,907p
942
_2
ddc
_c
BK
999
_c
2921
_d
2921